Pallium: паллиативная и хосписная помощь (Запись № 12030021)

Подробности
000 -МАРКЕР
контрольное поле 01357nas1a22003011i 4500
001 - ИДЕНТИФИКАТОР ЗАПИСИ
контрольное поле RU\NLR\BIBL_A\012127910
005 - ИДЕНТИФИКАТОР ВЕРСИИ
контрольное поле 20241212175918.0
011 ## - МЕЖДУНАРОДНЫЙ СТАНДАРТНЫЙ НОМЕР СЕРИАЛЬНОГО ИЗДАНИЯ (ISSN)
Номер (ISSN) 2658-4166
035 ## - ДРУГИЕ СИСТЕМНЫЕ НОМЕРА
Идентификатор записи (NLR Aleph) 012127910
100 ## - ДАННЫЕ ОБЩЕЙ ОБРАБОТКИ
Данные общей обработки 20191024a20189999|||y0rusy50 ba
101 0# - ЯЗЫК РЕСУРСА
Язык текста, звукозаписи и т.д. русский
102 ## - СТРАНА ПУБЛИКАЦИИ ИЛИ ПРОИЗВОДСТВА
Страна публикации Российская Федерация
110 ## - ПОЛЕ КОДИРОВАННЫХ ДАННЫХ: ПРОДОЛЖАЮЩИЕСЯ РЕСУРСЫ
Кодированные данные продолжающегося ресурса ahuzz 0|y|
200 1# - ЗАГЛАВИЕ И СВЕДЕНИЯ ОБ ОТВЕТСТВЕННОСТИ
Основное заглавие Pallium: паллиативная и хосписная помощь
Параллельное заглавие Pallium: palliative and hospice care
Сведения, относящиеся к заглавию российский научно-практический журнал
Первые сведения об ответственности Ассоц. проф. участников хосписной помощи
Язык параллельного заглавия английский
210 ## - ПУБЛИКАЦИЯ, РАСПРОСТРАНЕНИЕ И ДР.
Место издания, распространения и т.д. Москва
Имя издателя, распространителя и т. д. Стриж Медиа
Дата издания, распространения и т.д. 2019 -
510 1# - ПАРАЛЛЕЛЬНОЕ ЗАГЛАВИЕ
Параллельное заглавие Pallium: palliative and hospice care
Язык заглавия английский
606 1# - НАИМЕНОВАНИЕ ТЕМЫ КАК ПРЕДМЕТ
Наименование темы Паллиативная помощь
Формальный подзаголовок Периодические издания
Системный номер авторитетной/нормативной записи 2323076
Идентификатор авторитетной/нормативной записи RU\NLR\AUTH\661389697
606 1# - НАИМЕНОВАНИЕ ТЕМЫ КАК ПРЕДМЕТ
Наименование темы Хосписы
Формальный подзаголовок Периодические издания
Тематический подзаголовок Организация работы
Системный номер авторитетной/нормативной записи 2258316
Идентификатор авторитетной/нормативной записи RU\NLR\AUTH\661354247
686 1# - ИНДЕКСЫ ДРУГИХ КЛАССИФИКАЦИЙ
Индекс Р11(2)298я52
686 1# - ИНДЕКСЫ ДРУГИХ КЛАССИФИКАЦИЙ
Индекс Р11(2)299я52
712 02 - НАИМЕНОВАНИЕ ОРГАНИЗАЦИИ - ВТОРИЧНАЯ ОТВЕТСТВЕННОСТЬ
Код отношения Прочие
Начальный элемент ввода Ассоциация профессиональных участников хосписной помощи
Идентифицирующий признак Москва
Системный номер авторитетной/нормативной записи 685509
Идентификатор авторитетной/нормативной записи RU\NLR\AUTH\880512482
852 ## - МЕСТОНАХОЖДЕНИЕ И ШИФР ХРАНЕНИЯ
Идентификатор организации NLR
Шифр хранения (Call Number) П17/1827
852 ## - МЕСТОНАХОЖДЕНИЕ И ШИФР ХРАНЕНИЯ
Идентификатор организации NLR
942 ## - ДОПОЛНИТЕЛЬНЫЕ ЭЛЕМЕНТЫ ЗАПИСИ (АБИС)
Тип экземпляра АБИС Журнал
980 ## - КОЛЛЕКЦИЯ
Название коллекции Русская периодика

Нет доступных экземпляров.